Enciclopedia de las ciencias filosóficas en compendio

Na minha lista:
Detalhes bibliográficos
Autor principal: Hegel, Georg Wilhelm Friedrich (autor)
Formato: Livro
Idioma:espanhol
Publicado em: Madrid Alianza 1997
coleção:Coleccion Alianza Universidad, 869
Assuntos:
Tags: Adicionar Tag
Sem tags, seja o primeiro a adicionar uma tag!

MARC

LEADER 00000nam a2200000 a 4500
001 UCP5585
003 CL-VaPUC
008 990927e19970000SP |||||||||||||||||spa|d
082 0 4 |a 193  |b HEG  |2 21 
100 |a Hegel, Georg Wilhelm Friedrich  |e autor  |9 580639 
245 1 0 |a Enciclopedia de las ciencias filosóficas en compendio 
300 |a 630 p 
942 |c BK 
945 |d 19990927 00:00:00  |a rbrito 
260 |a Madrid  |b Alianza  |c 1997 
650 0 |a Filosofía alemana   |9 265002 
650 0 |a Lógica  |9 256849 
650 0 |a Filosofía de la naturaleza  |9 265899 
583 |a last modification  |c 19990927 00:00:00  |k Rodrigo Vera 
490 0 |a Coleccion Alianza Universidad, 869 
999 |c 283314  |d 283312 
952 |0 0  |1 0  |4 0  |6 193_000000000000000_HEG_1997  |7 0  |8 R  |9 326282  |a BIBEDU  |b BIBEDU  |c MCIRC  |d 2019-11-20  |i 355967K  |o 193 HEG 1997  |p 355967K  |r 2023-01-13  |w 2019-11-20  |y BK_R  |k BME